000 00393nam a22001457a 4500
005 20200620114836.0
008 200620b xxu||||| |||| 00| 0 eng d
082 _a349.405 CLJ
110 _aCRIMINAL LAW JOURNAL
_96260
245 _aCRIMINAL LAW JOURNAL , [AUGUST] 2019 [PART-8] , VOL-125
260 _aMUMBAI
_bALL INDIA REPORTER
300 _a3556;p
650 _aLAW
_95701
942 _cJRL
999 _c7371
_d7369